Acerca de la superación del subdesarrollo y la creación de un nuevo orden económico internacional

保存先:
書誌詳細
団体著者: Comité Político Consultivo de los Estados Miembros del Tratado de Varsovia
フォーマット: テキスト
出版事項: s.l: s.e
タグ: タグ追加
タグなし, このレコードへの初めてのタグを付けませんか!

MARC

LEADER 00000 a a2200000 04500
001 25086
003
040
090 |a 179800  
110 |a Comité Político Consultivo de los Estados Miembros del Tratado de Varsovia  
245 |a Acerca de la superación del subdesarrollo y la creación de un nuevo orden económico internacional  
260 |a s.l:   |b s.e  
300 |a 6 p  
999 |c 15720  |d 15720